000 00889 a2200217 4500
999 _c4162
_d4162
020 _a9781412961820
050 0 0 _aLB 2395.5 WAL 2016
100 1 _aWallace, Mike,
_d1950-
_eauthor.
245 1 0 _aCritical reading and writing for postgraduates /
_cMike Wallace & Alison Wray.
250 _a3rd edition.
264 1 _aThousand Oaks, California :
_bSAGE,
_c2016.
264 4 _cLondon:
_aSage Publications Ltd,
_b♭2016
300 _axiv, 278p. :
_bill. (col.)
500 _aIncludes bibliographical references and index.
504 _aIncludes bibliographical references and index.
650 0 _aReading (Higher education)
650 0 _aCritical thinking
_xStudy and teaching (Higher)
700 1 _aWray, Alison,
_eauthor.
942 _2lcc
_cBK
_e3rd ed.
_h2395.5
_iWAL
_kLB